=LDR 00000nam 2200000 4500 =001 INLIS000000000043795 =005 20131008103807 =008 ***********************************ind** =035 ##$$0010-101300000001717 =041 ##$$a ind =082 ##$$a 103 =090 ##$$a R 103, Sud k =100 ##$$a Sudarsono =245 ##$$a Kamus filsapat dan fsikologi, Sudarsono =260 ##$$a 1993 $b Jakarta =300 ##$$a vii, 278 hlm, 23 cm =650 ##$$a Filsapat, Fsikologi - Kamus =850 ##$$a NBPNMAT